Statistics for Serbia in World Wars

Click here to take the quiz!

General Stats

  • This quiz has been taken 77 times
    (59 since last reset)
  • The average score is 12 of 24

Answer Stats

QuestionAnswer% Correct
Which country declared war on Serbia in 1914?Austro-Hungary
96%
Who led the politics of Serbia in the World War I?Nikola Pašić
72%
What was the largest concentration camp in the Independent State of Croatia (NDH) during World War II?Jasenovac
70%
When did Nazi Germany and Fascist Italy establish Independent State of Croatia (NDH) in parts of occupied Yugoslavia?During the World War II
68%
Which island was used as a political prison when Croatia was part of Yugoslavia from 1949 and 1989?Goli Otok
64%
In what year was Serbia liberated in the World War I?1918
58%
In which battle Serbia won its first victory in the World War I?Battle of Cer
58%
Which city was the center of the first free territory in Yugoslavia in the World War II?Užice
56%
What was the name of the duke who led the Serbian army in the Battle of Kolubara?Živojin Mišić
54%
Who was the last King of Yugoslavia, reigning from 1934 to 1945?Petar II Karađorđević
52%
Where is Zejtinlik, where about 7,500 Serbian soldiers from the World War I are buried?Greece
48%
Which Serbian king was killed in Marseilles in 1933?Aleksandar Karađorđević
46%
In which battle General Janko Vukotić commanded the army?Battle of Mojkovac
46%
In what year was Belgrade liberated in the World War II?1944
44%
What nationality was Vlado Chernozemski, the assassin of the Serbian king?Bulgarian
44%
Who led the Serbian army in the Battle of Cer which marked the first Allied victory in the World War I?Stepa Stepanović
44%
Who fought in the Battle of Mojkovac in 1916?Montenegro and Austro-Hungary
42%
In what year was Gavrilo Princip executed?1914
34%
Where was the first AVNOJ session held in 1942?Bihać
34%
Which city was the site of the second AVNOJ session when Federal Republic of Yugoslavia was founded on November 29, 1943?Jajce
32%
What was written on the coat of arms of the SFR Yugoslavia?29. XI 1943.
26%
After the defense of Belgrade, where did the Serbian army end up after the withdrawal in the World War I?Corfu
24%
The waters around which island are referred to as the Blue Sea Tomb after a poem written by Milutin Bojić after World War I?Vido
22%
After the retreat through Albania in 1915, where was the part of the Serbian army transported by the French navy?Bizerte
18%

Score Distribution

Percentile by Number Answered

Percent of People with Each Score

Your Score History

You have not taken this quiz since the last reset